MEDICAL ETHICS (Record no. 1348)

MARC details
000 -LEADER
fixed length control field 00280nam a2200133Ia 4500
082 ## - DEWEY DECIMAL CLASSIFICATION NUMBER
Classification number 614
Item number M07F
100 ## - MAIN ENTRY--PERSONAL NAME
Personal name FRANCIS , CM.
245 ## - TITLE STATEMENT
Title MEDICAL ETHICS
250 ## - EDITION STATEMENT
Edition statement 2ND
260 ## - PUBLICATION, DISTRIBUTION, ETC. (IMPRINT)
Name of publisher, distributor, etc JAYPEE
Place of publication, distribution, etc DELHI
Year of Publication 2007
300 ## - PAGE DESCRIPTION
No. of Pages 1-217
650 ## - SUBJECT ADDED ENTRY--TOPICAL TERM
Topical term or geographic name as entry element COMMUNITY MEDICINE
942 ## - ADDED ENTRY ELEMENTS (KOHA)
Source of classification or shelving scheme Dewey Decimal Classification
Koha item type Books
942 ## - ADDED ENTRY ELEMENTS (KOHA)
-- 4
Holdings
Withdrawn status Lost status Source of classification or shelving scheme Damaged status Not for loan Collection code Home library Current library Shelving location Date acquired Vendor Name Cost, normal purchase price SGTU Bill Number Total Checkouts Full call number Accession No. (Barcode) Date last seen Date last borrowed Bill Date Koha item type
    Dewey Decimal Classification     MEDICAL SGT Medical Library SGT Medical Library Text Book 16/01/2012 JAYPEE 225.00 SGTU 9046 2 614 M07F FM4991 20/07/2021 16/04/2021 28/01/2012 Books
    Dewey Decimal Classification     MEDICAL SGT Medical Library SGT Medical Library Text Book 16/01/2012 JAYPEE 225.00 SGTU 9046 4 614 M07F FM4992 11/01/2025 30/12/2024 28/01/2012 Books
  Lost and Paid For Dewey Decimal Classification   Not For Loan MEDICAL SGT Medical Library SGT Medical Library Text Book 16/01/2012 JAYPEE 225.00 SGTU 9046 2 614 M07F FM4993 31/01/2023 25/01/2023 28/01/2012 Books